trouver le titre du livre #2 - Statistiques

Statistiques générales
  • Ce quiz a été pris 187 fois
  • Le résultat moyen est 12 sur 20
Statistiques - réponses
Hint Réponse % Correct
Mille ___ pour un garçon Baisers
89%
Viens on ____ S'aime
87%
Un bonheur ____ Imparfait
81%
Le ____ de baisers Voleur
80%
Bienvenu à ____ Lavayette
75%
Nos ____ contraires Etoiles
74%
_____ plus Jamais
74%
l'anti-lune _______ De miel
73%
Coeurs et ____ Ames
71%
Un ____ pour te pardonner Automne
70%
____9 November
58%
The perfect ___ Match
57%
___ love Ugly
47%
Paying with ___ Fire
45%
The ___ hypothesis Love
45%
Love on the ___ Brain
43%
Un ____ pour te résister Hiver
43%
Love and ___ Other words
26%
Better than _____ The movies
23%
Twisted ____ games
18%
Aucun quiz correspondant
Distribution des résultats
% des personnes avec chaque résultat
Percentile par nombre de réponses
Votre historique - résultats
Vous n’avez pas pris ce quiz